[Event "Druzynowe Mistrzostwa Polski Juniorow 2018 - II Liga"]
[Site "Szczyrk"]
[Date "1899-12-30"]
[Round "3.101"]
[White "Gren, Kinga"]
[Black "Twardowska, Dominika"]
[Result "1-0"]
[WhiteTitle "II+"]
[BlackTitle "IV"]
[WhiteElo "1118"]
[BlackElo "1000"]

1. e4 e5 2. Nf3 Nc6 3. Nc3 Nf6 4. d4 d6 5. Bb5 Bd7 6. Bc4 Be7 7. Bg5 O-O 8. O-O
h6 9. Be3 Ng4 10. h3 Nxe3 11. fxe3 a6 12. a4 Bg5 13. Nxg5 Qxg5 14. Rf3 Nb4 15.
Ne2 c6 16. c3 a5 17. cxb4 axb4 18. Qb3 c5 19. dxc5 dxc5 20. Kh2 Bc6 21. Ng3 h5
22. Rf5 Qg6 23. Rxh5 Qf6 24. Bd5 Bd7 25. Qd1 g6 26. Rh6 Kg7 27. Rh5 Qe7 28. Bxb7
Rab8 29. Bd5 gxh5 30. Nxh5+ Kh6 31. Ng3 Rh8 32. Bc6 Be6 33. Qh5+ Kg7 34. Qxe5+
f6 35. Nh5+ Kf7 36. Rf1 Rxh5 37. Qxh5+ Kg7 38. e5 f5 39. Qf3 Rf8 40. Qg3+ Kh8
41. Rf4 Rg8 42. Rh4+ Qh7 43. Rxh7+ Kxh7 44. Qh4+ Kg7 45. Qf6+ Kh7 46. Qxe6 Rg6
47. Qxf5 Kh6 48. Be8 Rg5 49. Qf6+ 1-0

[Event "Druzynowe Mistrzostwa Polski Juniorow 2018 - II Liga"]
[Site "Szczyrk"]
[Date "1899-12-30"]
[Round "3.102"]
[White "Grzegorski, Michal"]
[Black "Rzasa, Michal"]
[Result "1-0"]
[WhiteTitle "II"]
[BlackTitle "III"]
[WhiteElo "1416"]
[BlackElo "1000"]

1. e4 d5 2. exd5 Nf6 3. d4 Nxd5 4. c4 Nb6 5. Nf3 Bg4 6. Be2 e6 7. Nc3 Be7 8. c5
Nd5 9. h3 Bh5 10. O-O Nc6 11. Qb3 Bxf3 12. Bxf3 Nxd4 13. Qa4+ Nc6 14. Nxd5 exd5
15. Rd1 O-O 16. Bxd5 Qe8 17. Bxc6 bxc6 18. Re1 Qd7 19. Be3 Bf6 20. Rad1 Qf5 21.
Qxc6 Bxb2 22. Qxc7 Bc3 23. Re2 Bb4 24. Qd7 Qh5 25. Qg4 Qxg4 26. hxg4 Rfe8 27.
Rc2 Rac8 28. c6 a5 29. Bb6 a4 30. c7 Be7 31. Rcd2 f6 32. Rd8 Kf7 33. Rxc8 Rxc8
34. Rd8 Rxd8 35. Qcxd8 Bxd8 36. Bxd8 Ke6 37. Kf1 Kd5 38. Ke2 Ke4 39. f3+ Kd4 40.
Be7 Ke5 41. Kd3 f5 42. gxf5 Kxf5 43. g3 g5 44. Kc4 g4 45. fxg4+ Kxg4 46. Bd6 1-0

[Event "Druzynowe Mistrzostwa Polski Juniorow 2018 - II Liga"]
[Site "Szczyrk"]
[Date "1899-12-30"]
[Round "3.103"]
[White "Grubiak, Karol"]
[Black "Jedraszek, Pawel"]
[Result "0-1"]
[WhiteTitle "IV"]
[BlackTitle "I"]
[WhiteElo "1000"]
[BlackElo "1507"]

1. e4 c5 2. Nf3 d6 3. Bb5+ Bd7 4. Bxd7+ Nxd7 5. Nc3 Ngf6 6. d3 g6 7. O-O Bg7 8.
Nd5 Nxd5 9. exd5 Nf6 10. c4 O-O 11. Re1 Qc7 12. Bg5 Rfe8 13. Qd2 a6 14. Rab1 b5
15. b3 Rab8 16. Bh6 Bh8 17. h3 Rb7 18. Re2 a5 19. Qc2 Bg7 20. Bxg7 Kxg7 21. Ng5
Qd7 22. Qd1 Qf5 23. Ne4 Nxe4 24. Rxe4 e5 25. Qg4 Qxg4 26. Rxg4 f5 27. Rg3 Reb8
28. Re3 bxc4 29. dxc4 Rb4 30. g3 Rxc4 31. bxc4 Rxb1+ 32. Kg2 a4 33. Rc3 Kf6 34.
h4 e4 35. Kh3 Ke5 36. Rc2 Kd4 37. a3 Kd3 38. Ra2 Kxc4 39. g4 f4 40. g5 Kd3 41.
Kg4 e3 42. fxe3 fxe3 43. Kf3 c4 44. Rh2 Rf1+ 45. Kg4 e2 46. Rh3+ Kd4 47. h5 Qe1
48. hxg6 Qe2+ 49. Kh4 Rf4+ 50. Kg3 Rg4# 0-1

[Event "Druzynowe Mistrzostwa Polski Juniorow 2018 - II Liga"]
[Site "Szczyrk"]
[Date "1899-12-30"]
[Round "3.104"]
[White "Rosinski, Filip"]
[Black "Bochenek, Ryszard"]
[Result "1-0"]
[WhiteTitle "II"]
[BlackTitle "II"]
[WhiteElo "1345"]
[BlackElo "1296"]

1. e4 c5 2. Nf3 e6 3. d4 cxd4 4. Nxd4 Nc6 5. Nc3 a6 6. a3 Nge7 7. Be3 g6 8. Be2
Bg7 9. O-O O-O 10. Qd2 Re8 11. Nf3 f5 12. Rab1 b5 13. Bh6 Bh8 14. Rfd1 Qc7 15.
Qg5 Nd8 16. Qh4 Nf7 17. Bg5 Nc6 18. Bf6 Bxf6 19. Qxf6 Nce5 20. Nd4 Bb7 21. exf5
exf5 22. f4 Nc6 23. Nd5 Qd6 24. Qxd6 Nxd6 25. Nf6+ Kf7 26. Nxe8 Rxe8 27. Bf3 Nxd4
28. Bxb7 Nxb7 29. Rxd4 d6 30. Rbd1 Re2 31. R1d2 Re7 32. a4 Nc5 33. axb5 axb5 34.
Rb4 Re1+ 35. Kf2 Rh1 36. Kf3 Ne4 37. Rd3 Rc1 38. c3 Rc2 39. Rxb5 Rf2+ 40. Ke3
Rxg2 41. Rb7+ Kg8 42. b4 Rxh2 43. Rd1 h5 44. Ra1 1-0

[Event "Druzynowe Mistrzostwa Polski Juniorow 2018 - II Liga"]
[Site "Szczyrk"]
[Date "1899-12-30"]
[Round "3.105"]
[White "Rzasa, Mateusz"]
[Black "Wawrzyniak, Karol"]
[Result "1-0"]
[WhiteTitle "II"]
[BlackTitle "II"]
[WhiteElo "1092"]
[BlackElo "1222"]

1. e4 e6 2. d4 d5 3. e5 c5 4. c3 Qb6 5. Nf3 Bd7 6. Bd3 Bb5 7. O-O Ne7 8. Be3 Nf5
9. Bxb5+ Qxb5 10. Qd2 Nc6 11. Na3 Qb6 12. Nc2 Be7 13. a4 O-O 14. g4 Nxe3 15. Nxe3
Rac8 16. g5 cxd4 17. Ng4 dxc3 18. bxc3 Na5 19. Nf6+ gxf6 20. gxf6 Bxf6 21. exf6
Kh8 22. Kh1 Rg8 23. Rg1 Rg6 24. Rxg6 fxg6 25. Qh6 Qc7 26. Ng5 d4 27. f7 Qe7 28.
Qxh7# 1-0

[Event "Druzynowe Mistrzostwa Polski Juniorow 2018 - II Liga"]
[Site "Szczyrk"]
[Date "1899-12-30"]
[Round "3.106"]
[White "Piotrowska, Florentyna"]
[Black "Trusz, Julia"]
[Result "1/2-1/2"]
[WhiteTitle "I"]
[BlackTitle "I+"]
[WhiteElo "1259"]
[BlackElo "1699"]

1. e4 c6 2. d4 d5 3. exd5 cxd5 4. Bd3 Nc6 5. c3 Nf6 6. h3 e6 7. Bf4 Bd6 8. Bxd6
Qxd6 9. Nf3 O-O 10. O-O Re8 11. Re1 e5 12. dxe5 Nxe5 13. Nxe5 Rxe5 14. Rxe5 Qxe5
15. Nd2 Bd7 16. Nf3 Qf4 17. Nd4 Re8 18. Qc2 Re5 19. Nf3 Re8 20. Qd2 Qxd2 21. Nxd2
Nh5 22. Rd1 Nf4 23. Nf3 h6 24. Bf1 Bc6 25. Re1 Rxe1 26. Nxe1 Kf8 27. Nd3 Nxd3
28. Bxd3 Ke7 29. f3 Kf6 30. Kf2 Kg5 31. g3 Kf6 32. Ke3 Ke5 33. f4+ Kd6 34. Kd4
Bd7 35. h4 Be8 36. Be2 Bd7 37. Bf3 Bc6 38. b4 b5 39. a3 Ba8 1/2-1/2

[Event "Druzynowe Mistrzostwa Polski Juniorow 2018 - II Liga"]
[Site "Szczyrk"]
[Date "1899-12-30"]
[Round "3.107"]
[White "Opalka, Marta"]
[Black "Jedrzejewska, Zuzanna"]
[Result "0-1"]
[WhiteTitle "III"]
[BlackTitle "I"]
[WhiteElo "1000"]
[BlackElo "1242"]

1. e4 c5 2. Nf3 d6 3. Bc4 e6 4. O-O a6 5. c3 Nf6 6. d3 Nc6 7. Bg5 Be7 8. Nbd2 b5
9. Bb3 O-O 10. d4 Na5 11. Bc2 Nc4 12. Nxc4 bxc4 13. e5 Nd5 14. Qc1 f6 15. Bd2
fxe5 16. dxe5 dxe5 17. Nxe5 Bb7 18. Qb1 Nf6 19. Bg5 Qd5 20. Nf3 Kh8 21. Rd1 Qc6
22. b3 Ng4 23. bxc4 Bxg5 24. Re1 Bd2 25. Be4 Qd7 26. Qd1 Bxe4 27. Rxe4 Nf6 28.
Rh4 Bxc3 29. Qb1 Bxa1 30. h3 Bd4 31. Ng5 g6 32. Qxg6 Be5 33. g3 Rad8 34. Rh6 Qb7
35. Kf1 Qh1+ 36. Ke2 Qd1+ 37. Ke3 Bd4+ 38. Kf4 Nh5+ 39. Ke4 Qe2# 0-1

[Event "Druzynowe Mistrzostwa Polski Juniorow 2018 - II Liga"]
[Site "Szczyrk"]
[Date "1899-12-30"]
[Round "4.1"]
[White "Karpus, Michal"]
[Black "Kokoszczynski, Jan"]
[Result "1-0"]
[WhiteTitle "FM"]
[BlackTitle "k"]
[WhiteElo "2364"]
[BlackElo "2111"]

1. e4 e5 2. Nf3 Nc6 3. Bb5 a6 4. Ba4 Nf6 5. O-O Be7 6. Re1 b5 7. Bb3 d6 8. c3 O-O
9. h3 Na5 10. Bc2 c5 11. d4 Qc7 12. Nbd2 cxd4 13. cxd4 Nc6 14. Nb3 a5 15. Be3
a4 16. Nbd2 exd4 17. Nxd4 Nxd4 18. Bxd4 Be6 19. Nf3 Rac8 20. Bd3 Qb7 21. Qe2 Bc4
22. Bxc4 Rxc4 23. b3 Rc7 24. bxa4 bxa4 25. Rab1 Qa8 26. Nh4 g6 27. Qf3 Qd8 28.
Bb6 Nd7 29. Bxc7 Qxc7 30. Qg3 Bf6 31. Rec1 Nc5 32. Nf5 Rd8 33. Nh6+ Kg7 34. Ng4
Qe7 35. e5 Bxe5 36. Nxe5 dxe5 37. Qa3 1-0

[Event "Druzynowe Mistrzostwa Polski Juniorow 2018 - II Liga"]
[Site "Szczyrk"]
[Date "1899-12-30"]
[Round "4.2"]
[White "Golecki, Jan"]
[Black "Poltorak, Sebastian"]
[Result "1-0"]
[WhiteTitle "I++"]
[BlackTitle "I"]
[WhiteElo "2001"]
[BlackElo "1810"]

1. e4 c5 2. Nf3 Nc6 3. Bb5 g6 4. O-O Bg7 5. c3 Nf6 6. Re1 O-O 7. d4 cxd4 8. cxd4
d5 9. e5 Ne8 10. Bxc6 bxc6 11. Nbd2 Nc7 12. Qc2 Bd7 13. Nb3 Ne6 14. Ng5 Nxg5 15.
Bxg5 f6 16. Bf4 Bf5 17. Qxc6 Rc8 18. Qb5 fxe5 19. Bxe5 Rc2 20. Bxg7 Kxg7 21. Re2
e6 22. Rxc2 Bxc2 23. Nc5 Qf6 24. Qe2 Bf5 25. Qe3 Re8 26. Nd7 Qe7 27. Qe5+ Kf7
28. Rc1 Rd8 29. Nf6 Qxf6 30. Rc7+ Qe7 31. Rxe7+ Kxe7 32. Qg7+ Kd6 33. Qxa7 Rc8
34. Qa3+ Kd7 35. b4 1-0

[Event "Druzynowe Mistrzostwa Polski Juniorow 2018 - II Liga"]
[Site "Szczyrk"]
[Date "1899-12-30"]
[Round "4.3"]
[White "Meers, Hubert"]
[Black "Szemplinski, Jerzy"]
[Result "1-0"]
[WhiteTitle "I+"]
[BlackTitle "II"]
[WhiteElo "1808"]
[BlackElo "1411"]

1. e4 c5 2. Nf3 e6 3. d4 cxd4 4. Nxd4 Nf6 5. Nc3 Nc6 6. Ndb5 Bb4 7. a3 Bxc3+ 8.
Nxc3 d5 9. exd5 Nxd5 10. Nxd5 exd5 11. Bd3 Qe7+ 12. Qe2 Qxe2+ 13. Bxe2 Bf5 14.
Bd3 Bxd3 15. cxd3 Ne5 16. d4 Nd3+ 17. Ke2 Nxc1+ 18. Raxc1 O-O 19. Rc7 b6 20. Rhc1
g6 21. Rd7 Rfe8+ 22. Kd3 Re6 23. Rcc7 Rf6 24. f3 Re8 25. Kd2 Rfe6 26. Rxf7 Re2+
27. Kd1 Re1+ 28. Kc2 b5 29. Rg7+ Kh8 30. Rxh7+ Kg8 31. Rhg7+ Kh8 32. Rxg6 R8e2+
33. Kb3 Rb1 34. Rc2 Re3+ 35. Ka2 Ree1 36. Ra6 b4 37. Rc8+ Kg7 38. Rxa7+ Kf6 39.
Rc6+ Kg5 40. g3 Ra1+ 41. Kb3 Rad1 42. h4+ Kf5 43. Rf7# 1-0

[Event "Druzynowe Mistrzostwa Polski Juniorow 2018 - II Liga"]
[Site "Szczyrk"]
[Date "1899-12-30"]
[Round "4.4"]
[White "Grzadka, Artur"]
[Black "Zabrzanska, Weronika"]
[Result "0-1"]
[WhiteTitle "II"]
[BlackTitle "I++"]
[WhiteElo "1389"]
[BlackElo "1570"]

1. c4 e5 2. Nc3 Nf6 3. e3 Be7 4. d4 exd4 5. exd4 d5 6. Nf3 O-O 7. cxd5 Nxd5 8.
Be2 Bf6 9. O-O Bf5 10. Bc4 Nb6 11. b3 Nc6 12. Be3 Bg4 13. Ne4 Bxd4 14. Bxd4 Bxf3
15. Qxf3 Nxd4 16. Qh5 Nxc4 17. bxc4 Ne6 18. Rad1 Qe7 19. f4 f6 20. Rf3 Rad8 21.
Rdf1 Nd4 22. Re3 f5 23. Rh3 g6 24. Qh6 fxe4 25. g4 Qg7 26. Qh4 Nf3+ 27. Rfxf3
exf3 28. Rxf3 Rd1+ 29. Kg2 Rd2+ 30. Kg1 Qd4+ 31. Kf1 Qa1+ 32. Qe1 Rd1 33. Re3
Rxe1+ 34. Rxe1 Rxf4+ 35. Ke2 Re4+ 36. Kf3 Qxe1 37. g5 Qe3+ 38. Kg2 Rg4+ 39. Kf1
Rg1# 0-1

[Event "Druzynowe Mistrzostwa Polski Juniorow 2018 - II Liga"]
[Site "Szczyrk"]
[Date "1899-12-30"]
[Round "4.5"]
[White "Leczek, Weronika"]
[Black "Krzysztynska, Anna"]
[Result "1-0"]
[WhiteTitle "k"]
[BlackTitle "I+"]
[WhiteElo "1832"]
[BlackElo "1758"]

1. e4 e5 2. Nf3 d5 3. Nxe5 Bd6 4. d4 dxe4 5. Bc4 Bxe5 6. dxe5 Qxd1+ 7. Kxd1 Nc6
8. Bf4 Bg4+ 9. Kc1 Nge7 10. e6 f6 11. Nc3 Na5 12. Bb3 Nxb3+ 13. axb3 Bxe6 14.
Nxe4 Nd5 15. Bg3 Bf5 16. Ra5 Bxe4 17. Re1 O-O 18. Rxe4 c6 19. c4 f5 20. Re5 b6
21. Ra4 b5 22. cxb5 cxb5 23. Rd4 Rac8+ 24. Kb1 Nc7 25. Re7 Rf7 26. Rxf7 Kxf7 27.
Rd7+ Ke6 28. Rxc7 Rxc7 29. Bxc7 Kd5 30. Kc2 a6 31. Kd3 g5 32. Bd8 h6 33. Bf6 Kc5
34. Be7+ Kd5 35. Bf8 h5 36. Bh6 g4 37. Ke3 Ke5 38. Bg7+ Ke6 39. Kf4 Kf7 40. Kxf5
Kxg7 41. Kg5 a5 42. Kxh5 a4 43. bxa4 bxa4 44. Kxg4 1-0

[Event "Druzynowe Mistrzostwa Polski Juniorow 2018 - II Liga"]
[Site "Szczyrk"]
[Date "1899-12-30"]
[Round "4.6"]
[White "Moscicka, Alicja"]
[Black "Slusarczyk, Milena"]
[Result "0-1"]
[WhiteTitle "II"]
[BlackTitle "I+"]
[WhiteElo "1000"]
[BlackElo "1422"]

1. e4 c5 2. Nf3 Nc6 3. d3 d5 4. Nc3 d4 5. Ne2 e5 6. g3 h6 7. Bg2 Be6 8. O-O Be7
9. b3 Nf6 10. Bb2 b5 11. Nd2 a5 12. a4 bxa4 13. Rxa4 Nd7 14. Ra3 c4 15. dxc4 Bxa3
16. Bxa3 Nb4 17. Qb1 O-O 18. f4 Qb6 19. Kh1 f6 20. f5 Bf7 21. Nc1 Rfd8 22. Nd3
Nc5 23. Rf3 Nbxd3 24. cxd3 Rdb8 25. Bxc5 Qxc5 26. Qa2 Qb4 27. Rf1 a4 28. Qb2 axb3
29. Rb1 Qc3 30. Qxc3 dxc3 31. Nxb3 Ra3 32. Rc1 Raxb3 33. Bf3 Rb1 34. Rxb1 Rxb1+
35. Kg2 c2 0-1

[Event "Druzynowe Mistrzostwa Polski Juniorow 2018 - II Liga"]
[Site "Szczyrk"]
[Date "1899-12-30"]
[Round "4.7"]
[White "Sloniewski, Michal"]
[Black "Luczak, Filip"]
[Result "0-1"]
[WhiteTitle "I"]
[BlackTitle "CM"]
[WhiteElo "1806"]
[BlackElo "2044"]

1. c4 Nf6 2. Nf3 c6 3. g3 d5 4. cxd5 cxd5 5. d4 Nc6 6. Bg2 Bg4 7. Ne5 Bf5 8. Nc3
e6 9. Qa4 Qb6 10. O-O Be7 11. Rd1 O-O 12. Qb3 Qxb3 13. axb3 Bc2 14. Nxc6 bxc6
15. Re1 Bxb3 16. Bf4 a5 17. Na4 Nd7 18. Rec1 Rfc8 19. h4 Bb4 20. Bf1 f6 21. Bh3
Kf7 22. Nc5 Nxc5 23. dxc5 e5 24. Bxc8 Rxc8 25. Be3 d4 26. Bxd4 exd4 27. Kg2 Re8
28. Kf1 Bd2 29. Rd1 Bxd1 30. Rxd1 Bb4 31. Rxd4 Bxc5 32. Rc4 Bb4 33. Rxc6 Rd8 34.
Rc7+ Kg8 35. f4 h5 36. Kf2 Rd2 37. Kf3 Rxb2 38. g4 hxg4+ 39. Kxg4 Rxe2 40. Kf5
Kh7 0-1

[Event "Druzynowe Mistrzostwa Polski Juniorow 2018 - II Liga"]
[Site "Szczyrk"]
[Date "1899-12-30"]
[Round "4.8"]
[White "Grzesik, Gracjan"]
[Black "Lendzion, Kamil"]
[Result "1/2-1/2"]
[WhiteTitle "I"]
[BlackTitle "II+"]
[WhiteElo "1884"]
[BlackElo "1663"]

1. d4 d5 2. c4 e6 3. Nc3 Nf6 4. cxd5 exd5 5. Bg5 Be7 6. e3 c6 7. Bd3 h6 8. Bh4
O-O 9. Qc2 Re8 10. Nge2 Nbd7 11. O-O Ne4 12. Bxe7 Qxe7 13. Rfe1 Ndf6 14. f3 Nd6
15. Ng3 h5 16. e4 h4 17. Nf1 dxe4 18. fxe4 Nh5 19. e5 Nb5 20. Bxb5 cxb5 21. Nd5
Qd8 22. Nc7 Qxd4+ 23. Qf2 Qxf2+ 24. Kxf2 Be6 25. Nxa8 Rxa8 26. g3 a5 27. Re4 hxg3+
28. Nxg3 Nxg3 29. hxg3 Rc8 30. b3 Rc2+ 31. Re2 Rc7 32. Rb1 Bg4 33. Rd2 Rc3 34.
Rbb2 Rf3+ 35. Kg2 Rf5 36. Rd8+ Kh7 37. Rf2 Rxe5 38. Rxf7 Be6 39. Rf2 a4 40. bxa4
bxa4 41. Rdd2 Bc4 42. Rc2 b5 43. Rfd2 Kg6 44. Rf2 Bd5+ 45. Kf1 Bc4+ 46. Kg2 Bd5+
47. Kf1 Bc4+ 48. Kg2 Bd5+ 49. Kf1 1/2-1/2

[Event "Druzynowe Mistrzostwa Polski Juniorow 2018 - II Liga"]
[Site "Szczyrk"]
[Date "1899-12-30"]
[Round "4.9"]
[White "Zarebska, Lena"]
[Black "Majewski, Krzysztof"]
[Result "0-1"]
[WhiteTitle "I++"]
[BlackTitle "II+"]
[WhiteElo "1817"]
[BlackElo "1695"]

1. e4 d6 2. d4 Nf6 3. Nc3 g6 4. f4 Bg7 5. Nf3 O-O 6. Bd3 Re8 7. O-O Bg4 8. h3 Bxf3
9. Qxf3 e5 10. fxe5 dxe5 11. d5 Rf8 12. Bg5 Nbd7 13. Bb5 Qc8 14. Bxd7 Nxd7 15.
Be7 Re8 16. Qxf7+ Kh8 17. Kh2 Bf8 18. Bg5 Bg7 19. Be7 Bf8 20. d6 cxd6 21. Nd5
Bxe7 22. Nxe7 Qd8 23. Nd5 Rf8 24. Qe6 Nc5 25. Qg4 Qd7 26. Qh4 Rf7 27. Rxf7 Qxf7
28. Rd1 Rf8 29. Rd2 Kg7 30. c4 a6 31. Rc2 Nd7 32. Rc3 Nf6 33. Rf3 Qe6 34. Ne3
Nd7 35. Rg3 Qf6 36. Qg4 Nc5 37. b4 h5 38. Qf3 Qxf3 39. gxf3 Nd3 40. Nf5+ Kf6 41.
Nxd6 Nxb4 42. Nxb7 Rc8 43. c5 Rc7 44. a3 Nd3 45. Nd6 Rxc5 46. Rg1 Rc3 47. Ra1
Nf4 48. Ra2 Rxf3 49. h4 Rh3+ 50. Kg1 Rxh4 51. Rb2 Ke7 52. Rb6 Rg4+ 53. Kf1 h4
54. Nc4 Nd3 55. Nd2 h3 56. Rb7+ Kf6 57. Rh7 Rg2 58. Nc4 Rf2+ 59. Kg1 Rf3 60. Kh2
Nf4 61. a4 Rc3 62. Nb6 Ke6 63. Rh8 Rd3 64. Re8+ Kf6 65. Ra8 Re3 66. Nd5+ Nxd5
67. exd5 Kf5 68. Rxa6 g5 69. Ra8 g4 70. Rf8+ Ke4 71. Rg8 Re2+ 72. Kh1 Kf3 73.
Rf8+ Kg3 74. Rf1 Rd2 75. Ra1 e4 76. d6 e3 77. Rg1+ Kf3 78. Rf1+ Rf2 79. Re1 e2
80. Rg1 Rf1 81. d7 Rxg1+ 82. Kh2 g3+ 83. Kxh3 Rh1# 0-1

[Event "Druzynowe Mistrzostwa Polski Juniorow 2018 - II Liga"]
[Site "Szczyrk"]
[Date "1899-12-30"]
[Round "4.10"]
[White "Wolaniecki, Patryk"]
[Black "Libura, Julianna"]
[Result "1/2-1/2"]
[WhiteTitle "I"]
[BlackTitle "I"]
[WhiteElo "1713"]
[BlackElo "1540"]

1. e4 c5 2. Nf3 a6 3. c4 d6 4. d4 cxd4 5. Nxd4 Nf6 6. Nc3 g6 7. Be2 Bg7 8. Be3
Nc6 9. O-O O-O 10. Rb1 Qc7 11. f3 Nxd4 12. Bxd4 Bd7 13. Qd2 b6 14. Qe3 Rab8 15.
e5 Ng4 16. fxg4 dxe5 17. Nd5 exd4 18. Qxe7 Qd8 19. Qa3 Re8 20. Bf3 a5 21. Rbe1
Be6 22. Qd3 Qd6 23. b3 Qd7 24. h3 Qd6 25. Be4 Bxd5 26. Bxd5 Rxe1 27. Rxe1 Be5
28. Rf1 Rf8 29. Qf3 Qc7 30. Qd3 Qd6 31. Qf3 Qc7 32. Qd3 Qd6 33. Qf3 Qc7 34. Qd3
1/2-1/2

[Event "Druzynowe Mistrzostwa Polski Juniorow 2018 - II Liga"]
[Site "Szczyrk"]
[Date "1899-12-30"]
[Round "4.11"]
[White "Przepiora, Anna"]
[Black "Trembowiecka-wysota, Aleksandra"]
[Result "1-0"]
[WhiteTitle "I"]
[BlackTitle "I"]
[WhiteElo "1593"]
[BlackElo "1555"]

1. e4 c5 2. Nf3 d6 3. d4 Nf6 4. Nc3 cxd4 5. Nxd4 a6 6. Bg5 e5 7. Nf3 Be6 8. Qd2
Nbd7 9. O-O-O Be7 10. Bxf6 Nxf6 11. Kb1 Rc8 12. Ng5 Qa5 13. Nxe6 fxe6 14. f3 Qc7
15. g4 g5 16. Qxg5 Rg8 17. Qd2 d5 18. exd5 exd5 19. g5 d4 20. gxf6 dxc3 21. Qd5
Rf8 22. fxe7 Kxe7 23. Bh3 Qc6 24. Qxe5+ Kf7 25. Rd7+ Qxd7 26. Bxd7 1-0

[Event "Druzynowe Mistrzostwa Polski Juniorow 2018 - II Liga"]
[Site "Szczyrk"]
[Date "1899-12-30"]
[Round "4.12"]
[White "Bienko, Jagoda"]
[Black "Sloniewska, Alicja"]
[Result "0-1"]
[WhiteTitle "I"]
[BlackTitle "I"]
[WhiteElo "1436"]
[BlackElo "1409"]

1. d4 f5 2. c4 g6 3. Nc3 Nf6 4. Bg5 Bg7 5. Nf3 O-O 6. g3 d6 7. Bg2 c6 8. O-O Qe8
9. Qc2 e5 10. dxe5 dxe5 11. e4 Na6 12. Nd2 f4 13. a3 Nd7 14. b4 h6 15. gxf4 exf4
16. Bxh6 Bxh6 17. Nf3 Ne5 18. Rad1 Nxc4 19. Ne2 Ne5 20. Ned4 Bg4 21. Qb3+ Kh8
22. h3 Nxf3+ 23. Nxf3 Be6 24. Qb2+ Bg7 25. e5 Qe7 26. Rd2 Bd5 27. Re1 Nc7 28.
Kh1 Ne6 29. Qc2 Qf7 30. Nh4 Bxg2+ 31. Kxg2 Kh7 32. f3 Rad8 33. Red1 Rxd2+ 34.
Rxd2 Rd8 35. Rxd8 Nxd8 36. Qd3 Ne6 37. Qd6 Ng5 38. Kh1 Qe6 39. Qxe6 Nxe6 40. Ng2
Bxe5 0-1

[Event "Druzynowe Mistrzostwa Polski Juniorow 2018 - II Liga"]
[Site "Szczyrk"]
[Date "1899-12-30"]
[Round "4.13"]
[White "Lis, Mateusz"]
[Black "Klepek, Witold"]
[Result "1-0"]
[WhiteTitle "k"]
[BlackTitle "k+"]
[WhiteElo "2102"]
[BlackElo "2076"]

1. e4 e6 2. d4 d5 3. e5 c5 4. c3 Nc6 5. Nf3 Bd7 6. Be2 Nge7 7. a3 Nf5 8. b4 cxd4
9. cxd4 b5 10. Nc3 a5 11. g4 Nh6 12. Bg5 Qb6 13. Nxb5 Nxg4 14. bxa5 Qxa5+ 15.
Bd2 Bb4 16. Nd6+ Ke7 17. Bxb4 Nxb4 18. O-O Nc6 19. Qc1 f6 20. Qf4 h5 21. Nb7 Qa7
22. exf6+ gxf6 23. Qd6+ Ke8 24. Nc5 Nd8 25. Na6 Rc8 26. Rac1 Nc6 27. Nc5 Qc7 28.
Qxc7 Rxc7 29. Bb5 Rg8 30. Kh1 Nb8 31. a4 e5 32. h3 Bxb5 33. axb5 e4 34. hxg4 exf3
35. Rfe1+ Kf7 36. gxh5 Rg5 37. Kh2 Rc8 38. Nd3 Rxh5+ 39. Kg3 Rg8+ 40. Kxf3 Nd7
41. Nf4 Rf5 42. Rc7 Rd8 43. b6 Kg8 44. b7 Ne5+ 45. Ke2 Rxf4 46. Rc8 Nc6 47. Rxd8+
Kf7 48. Rc8 Nxd4+ 49. Kd3 Nf3 50. Qb8 Nxe1+ 51. Ke2 Re4+ 52. Kf1 Nf3 53. Rf8+
Kg6 54. Qg3+ 1-0

[Event "Druzynowe Mistrzostwa Polski Juniorow 2018 - II Liga"]
[Site "Szczyrk"]
[Date "1899-12-30"]
[Round "4.14"]
[White "Burzak, Wojciech"]
[Black "Bachor, Tomasz"]
[Result "0-1"]
[WhiteTitle "I"]
[BlackTitle "I"]
[WhiteElo "1749"]
[BlackElo "1844"]

1. e4 c5 2. Nf3 g6 3. d4 cxd4 4. Nxd4 Bg7 5. Nc3 Nc6 6. Be3 Nf6 7. Bc4 d6 8. h3
O-O 9. Bb3 Bd7 10. O-O Rc8 11. Re1 Na5 12. Qd3 a6 13. a4 Qc7 14. Nd5 Nxd5 15.
exd5 Nc4 16. Qc3 Nxe3 17. Qxe3 Rfe8 18. Red1 Qb6 19. a5 Qa7 20. c3 Bf6 21. Ba4
Bxa4 22. Rxa4 Qb8 23. Nb3 e6 24. Qf3 Bg7 25. Rb4 Re7 26. Rb6 e5 27. Qe3 Rc4 28.
Nd4 Qc7 29. Nb3 f5 30. Qe2 Ra4 31. Rb4 Rxb4 32. cxb4 e4 33. Rc1 Qd7 34. Rc2 f4
35. Rc4 Qf5 36. Qg4 Qxg4 37. hxg4 Bxb2 38. Kf1 Kf7 39. Nd2 Kf6 40. Nxe4+ Ke5 0-1

[Event "Druzynowe Mistrzostwa Polski Juniorow 2018 - II Liga"]
[Site "Szczyrk"]
[Date "1899-12-30"]
[Round "4.15"]
[White "Karwacki, Piotr"]
[Black "Kozubek, Krystian"]
[Result "1-0"]
[WhiteTitle "I"]
[BlackTitle "II"]
[WhiteElo "1828"]
[BlackElo "1386"]

1. d4 d5 2. Nf3 e6 3. e3 c5 4. b3 Nc6 5. Bb2 Nf6 6. Nbd2 Bd6 7. Bd3 Bd7 8. a3 h6
9. O-O O-O 10. Ne5 Be8 11. f4 Nh7 12. Qg4 Bxe5 13. fxe5 cxd4 14. exd4 Qg5 15.
Qe2 Qe7 16. a4 Qc7 17. Ba3 Ne7 18. c4 Bc6 19. cxd5 Bxd5 20. Rac1 Qd8 21. Bd6 f5
22. Rc7 Nc8 23. Bxf8 Qxc7 24. Ba3 Qb6 25. Bc5 Qd8 26. Bc4 b6 27. Ba3 Ne7 28. Bxe7
Bxc4 29. Qxc4 Qxe7 30. Rxf5 Rf8 31. Rxf8+ Nxf8 32. d5 exd5 33. Qxd5+ Qe6 34. Qxe6+
Nxe6 35. Kf2 Nc5 36. Ke3 Kf7 37. Kd4 Ke6 38. a5 g6 39. b4 Nd7 40. Nf3 bxa5 41.
bxa5 a6 42. h3 Nb8 43. Ke4 Nd7 44. Nd4+ Ke7 45. Kd5 h5 46. Nc6+ Ke8 47. e6 Nf6+
48. Ke5 Ng8 49. Nb4 Ne7 50. Nxa6 Nc6+ 51. Kf6 Kd8 52. Kxg6 Nxa5 53. Kf7 Nc6 54.
Kf8 Ne7 55. g3 1-0

[Event "Druzynowe Mistrzostwa Polski Juniorow 2018 - II Liga"]
[Site "Szczyrk"]
[Date "1899-12-30"]
[Round "4.16"]
[White "Raba, Bartosz"]
[Black "Wierzbicki, Dawid"]
[Result "1-0"]
[WhiteTitle "II"]
[BlackTitle "I"]
[WhiteElo "1272"]
[BlackElo "1487"]

1. e4 d6 2. d4 Nf6 3. Nc3 c6 4. Nf3 Bg4 5. Be2 e6 6. O-O d5 7. exd5 cxd5 8. Bf4
a6 9. Ne5 Bxe2 10. Qxe2 Nc6 11. Nxc6 bxc6 12. Rab1 Bd6 13. Bxd6 Qxd6 14. Nd1 O-O
15. Ne3 Kh8 16. Ng4 Nxg4 17. Qxg4 f5 18. Qe2 f4 19. Rfe1 Rf6 20. Qe5 Qxe5 21.
Rxe5 Kg8 22. c4 Rb8 23. f3 Rb4 24. b3 h6 25. a3 Rb8 26. cxd5 exd5 27. Re7 Rf7
28. Re6 Rb6 29. a4 a5 30. h3 Rc7 31. Re8+ Kf7 32. Ra8 Rb4 33. Rxa5 Rxd4 34. b4
Rb7 35. b5 Ke6 36. Ra6 Rc4 37. b6 c5 38. a5 Ra4 39. Ra8 Rb4 40. Re1+ Kf7 41. Ra7
Rxa7 42. bxa7 c4 43. Qa8 Rb3 44. Qxd5+ Kf6 45. Qe6+ Kg5 46. h4+ Kxh4 47. Qg4#
1-0

[Event "Druzynowe Mistrzostwa Polski Juniorow 2018 - II Liga"]
[Site "Szczyrk"]
[Date "1899-12-30"]
[Round "4.17"]
[White "Cebula, Alicja"]
[Black "Gredka, Dominika"]
[Result "0-1"]
[WhiteTitle "I"]
[BlackTitle "I++"]
[WhiteElo "1583"]
[BlackElo "1794"]

1. e4 e5 2. Nf3 d6 3. d4 exd4 4. Qxd4 Nf6 5. Bg5 Be7 6. Nc3 O-O 7. O-O-O Nbd7 8.
Bb5 c6 9. Be2 a6 10. Qd2 Nc5 11. e5 dxe5 12. Qxd8 Rxd8 13. Rxd8+ Bxd8 14. Nxe5
Be6 15. Rd1 h6 16. Bh4 g5 17. Bg3 Nce4 18. Nxe4 Nxe4 19. f4 Nxg3 20. hxg3 Bc7
21. Nd3 Rd8 22. Rh1 Kg7 23. fxg5 hxg5 24. Nc5 Bc8 25. g4 Bf4+ 26. Kb1 Re8 27.
Bd3 Re5 28. b4 a5 29. a3 axb4 30. axb4 b6 31. Na6 Bxg4 32. Nb8 c5 33. Nc6 Re8
34. Kb2 Bd7 35. b5 Be5+ 36. c3 Bf4 37. Ra1 Re6 38. Bc4 Rd6 39. Kb3 Bxc6 40. bxc6
Rxc6 41. Ra7 Rf6 42. Bd5 Be5 43. Re7 Bd6 44. Rb7 Bg3 45. Bf3 Bf4 46. Bh5 Bg3 47.
Bf3 Kg6 48. Kc4 Be1 49. Kb3 Re6 50. Bd5 Rf6 51. Bf3 Kg7 52. Kc2 Rd6 53. Kb3 Kg6
54. Ra7 f5 55. Ra1 Bg3 56. Kc4 g4 57. Bd5 Bf2 58. Rd1 Kg5 59. Rf1 Be3 60. Rb1
Kf4 61. Rf1+ Ke5 62. Re1 f4 63. g3 b5+ 64. Kxb5 Rxd5 0-1

[Event "Druzynowe Mistrzostwa Polski Juniorow 2018 - II Liga"]
[Site "Szczyrk"]
[Date "1899-12-30"]
[Round "4.18"]
[White "Wiecek, Karolina"]
[Black "Mroz, Lena"]
[Result "0-1"]
[WhiteTitle "II+"]
[BlackTitle "I++"]
[WhiteElo "1235"]
[BlackElo "1566"]

1. d4 f5 2. c4 Nf6 3. Nf3 g6 4. Nc3 Bg7 5. e3 O-O 6. Bd3 d6 7. O-O c6 8. h3 Qc7
9. e4 e5 10. Re1 f4 11. b3 h6 12. Bb2 Be6 13. d5 Bf7 14. dxc6 bxc6 15. Qc2 Na6
16. a3 Nc5 17. b4 Ne6 18. Rad1 g5 19. b5 h5 20. bxc6 Qxc6 21. Nd5 Rfe8 22. Nh2
Rac8 23. Nxf6+ Bxf6 24. Nf1 Nc5 25. Nd2 g4 26. hxg4 hxg4 27. Rc1 Kg7 28. Be2 Be6
29. f3 g3 30. Nb3 Nxb3 31. Qxb3 Qc5+ 0-1